Life after marriage : love in an age of divorce /

Bibliographic Details
Main Author: Alvarez, A. (Alfred), 1929-2019
Format: Book
Language:English
Published: New York : Simon and Schuster, [1981]
Subjects:

MARC

Tag First Indicator Second Indicator Subfields
LEADER 00000cam a22000008a 4500
001 in00000079019
005 20201128063126.0
008 810930s1981 nyu 00010aeng
010 |a  81016641  
020 |a 0671246933 
035 |a (OCoLC)07876932 
035 |9 AAJ2802AM 
039 0 |a 2  |b 3  |c 3  |d 3  |e 3 
040 |a DLC  |c DLC  |d TXA  |d UtOrBLW 
049 |a TXAM  |c [1672715] 
050 0 0 |a HQ814  |b .A48 1981 
082 0 |a 306.8/9/0922  |2 19 
100 1 |a Alvarez, A.  |q (Alfred),  |d 1929-2019. 
245 1 0 |a Life after marriage :  |b love in an age of divorce /  |c A. Alvarez. 
263 |a 8201 
264 1 |a New York :  |b Simon and Schuster,  |c [1981] 
264 4 |c ©1981 
300 |a 269 pages ;  |c 22 cm. 
336 |a text  |b txt  |2 rdacontent 
337 |a unmediated  |b n  |2 rdamedia 
338 |a volume  |b nc  |2 rdacarrier 
500 |a The Cushing Library/Basbanes collection copy is inscribed to Nicholas Basbanes by the author and is part of the Nicholas A. Basbanes Collection of Inscribed Books. 
541 0 |a Donated by Nicholas A. Basbanes  |d 20151124 
600 1 0 |a Alvarez, A.  |q (Alfred),  |d 1929-2019. 
650 0 |a Divorced women  |z Great Britain  |x Biography. 
650 0 |a Divorce  |x Psychological aspects. 
700 1 |a Basbanes, Nicholas A.,  |d 1943-  |e former owner. 
999 |a MARS 
999 f f |s 601eb9ac-ec15-3c68-a720-e7dd9bdea1a8  |i b137f7e5-6859-35f3-84e3-0eae056e7993  |t 0 
952 f f |p noncirc  |a Texas A&M University  |b College Station  |c Cushing Memorial Library & Archives  |s cush basb  |d Cushing: Nicholas Basbanes (Does not check out)  |t 0  |e HQ814 .A48 1981  |h Library of Congress classification  |i unmediated -- volume 
952 f f |p ric  |a Texas A&M University  |b Rellis Campus  |c Joint Library Facility  |s JLF  |d Remote Storage  |t 0  |e HQ814 .A48 1981  |h Library of Congress classification  |i unmediated -- volume  |m A14806142742 
998 f f |a HQ814 .A48 1981  |t 0  |l Remote Storage 
998 f f |a HQ814 .A48 1981  |t 0  |l Cushing: Nicholas Basbanes (Does not check out)